| 000 | 00642nam a22001817a 4500 | ||
|---|---|---|---|
| 999 |
_c189664 _d189664 |
||
| 005 | 20220708165215.0 | ||
| 010 | _aENG-133455 | ||
| 020 |
_a9789388356602 _c800.00 |
||
| 035 | _aEN-116987 | ||
| 037 | _bDBAD/PUB | ||
| 082 | _a410 | ||
| 245 |
_aReflections on science of language/ _ced. by Aejaz Mohammed Sheikh and Ranjit Singh Rangila |
||
| 260 |
_aDelhi-6 _bEducational publishing house _c2018 |
||
| 270 |
_bDelhi-6 _a3191,Vakil street,Kucha pandit,Lal kuan _k232114465 _l0091-11-23211540 _minfo@ephbooks.com |
||
| 300 |
_a583p. _c23cm(hb) _bReferences |
||
| 700 | _aed. Rangila,Ranjit Singh | ||
| 942 |
_2ddc _cEN _h410 _mREF |
||